| 000 | 01144nam0a22002651 4500 | ||
|---|---|---|---|
| 001 | rc\3801522 | ||
| 005 | 20250530052626.0 | ||
| 035 | _a(NLR Aleph) 007247393 | ||
| 090 |
_a5168592 _c5168592 |
||
| 100 | _a20120311d1975 |||y0rusy50 ca | ||
| 101 | 0 | _arus | |
| 102 | _aRU | ||
| 105 | _ay ag ||||| | ||
| 200 | 1 |
_aСправочные и библиографические материалы в помощь научному работнику _fГос. ком. лесного хоз-ва Совета Министров СССР. ВНИИ лесоводства и механизации лесного хоз-ва. Науч.-техн. б-ка |
|
| 210 |
_aПушкино _cБ. и. _d1975 |
||
| 215 |
_a8 с. _d20 |
||
| 300 | _aНа обороте тит. л. сост.: Н.А. Ильинская, Р.В. Грибова, М.А. Ястребова | ||
| 700 | 1 |
_aИльинская _bН.А. _gНаталья Алексеевна _4220 |
|
| 701 | 1 |
_aГрибова _bР.В. _4220 |
|
| 701 | 1 |
_aЯстребова _bМ.А. _4220 |
|
| 801 | 0 |
_aRU _bNLR _gpsbo |
|
| 801 | 1 |
_aRU _bELAR _2rusmarc |
|
| 852 |
_aNLR _jс377-400/С74 |
||
| 942 | _cBOOK | ||
| 980 | _aNB | ||